| 000 | 00486nam a22001457a 4500 | ||
|---|---|---|---|
| 082 | _aT-45 | ||
| 100 |
_aSyed Waqar Hussain _948369 |
||
| 245 |
_aUse of recycled / waste polythene, cement and sand to reduce the shrinkage potential of the clay liner in arid / semi arid regions _cSyed Waqar Hussain |
||
| 260 |
_aRisalpur, _bMCE, NUST |
||
| 300 |
_ap223.: _bill,; _c300 cm. |
||
| 526 |
_a0 _b0 _c0 _dT_45 |
||
| 650 |
_aThesis _934811 |
||
| 700 |
_aNasrullah Abeer _947638 |
||
| 942 |
_2ddc _cBK |
||
| 999 |
_c551341 _d551341 |
||